Uusituvan energian suurimmat tuottajavaltiot - Statistics

Yleistilastot
  • Tätä visaa on pelattu 32 kertaa
  • Keskiarvotulos 21 / 26
Vastaustilastot
Energialähteet Valtio % Oikein
Aurinko, Tuuli, Vesi, Bio, Meri Kiina
100%
Vesi, Meri Venäjä
100%
Aurinko, Tuuli, Meri Espanja
96%
Aurinko, Vesi, Bio, Geo Japani
96%
Tuuli, Vesi, Meri Kanada
96%
Tuuli, Bio Ruotsi
96%
Aurinko, Tuuli, Bio Saksa
96%
Aurinko, Tuuli, Vesi, Bio, Geo Yhdysvallat
96%
Aurinko Australia
92%
Aurinko, Tuuli, Vesi, Bio Brasilia
92%
Aurinko, Tuuli, Vesi, Bio Intia
92%
Aurinko, Bio, Geo, Meri Italia
92%
Geo Meksiko
92%
Vesi Norja
92%
Tuuli, Vesi, Meri Ranska
92%
Tuuli, Bio, Meri Yhdistynyt kuningaskunta
92%
Geo Indonesia
80%
Geo Islanti
76%
Geo Uusi-Seelanti
76%
Meri Alankomaat
72%
Vesi, Geo Turkki
72%
Aurinko, Meri Etelä-Korea
64%
Geo Filippiinit
64%
Bio Thaimaa
64%
Geo Kenia
20%
Meri Pohjois-Korea
16%
Ehtoja vastaavia visoja ei löytynyt
Tulosjakauma
Jokaisen tuloksen saaneiden osuus
Persentiili vastausten määrän mukaan
Tuloshistoriasi
Et ole pelannut tätä visaa